| 000 | 01251nam a2200313Ia 4500 | ||
|---|---|---|---|
| 001 | ebr10048800 | ||
| 003 | CaPaEBR | ||
| 006 | m u | ||
| 007 | cr cn||||||||| | ||
| 008 | 030612s2003 dcu sb 001 0 eng d | ||
| 020 | _z0821355708 | ||
| 040 |
_aCaPaEBR _cCaPaEBR |
||
| 035 | _a(OCoLC)56119884 | ||
| 050 | 1 | 4 |
_aRA410.5 _b.H4133 2003eb |
| 082 | 0 | 4 |
_a338.4/33621/091724 _221 |
| 245 | 0 | 0 |
_aHealth economics in development _h[electronic resource] / _cedited by Philip Musgrove. |
| 260 |
_aWashington, DC : _bWorld Bank, _c2003. |
||
| 300 | _a455 p. | ||
| 490 | 1 | _aHealth, nutrition, and population series | |
| 504 | _aIncludes bibliographical references and index. | ||
| 533 |
_aElectronic reproduction. _bPalo Alto, Calif. : _cebrary, _d2009. _nAvailable via World Wide Web. _nAccess may be limited to ebrary affiliated libraries. |
||
| 650 | 0 |
_aMedical economics _zDeveloping countries. |
|
| 650 | 0 |
_aPublic health _zDeveloping countries. |
|
| 655 | 7 |
_aElectronic books. _2local |
|
| 700 | 1 | _aMusgrove, Philip. | |
| 710 | 2 | _aebrary, Inc. | |
| 830 | 0 | _aHealth, nutrition, and population series. | |
| 856 | 4 | 0 |
_uhttp://site.ebrary.com/lib/rucke/Doc?id=10048800 _zAn electronic book accessible through the World Wide Web; click to view |
| 999 |
_c77233 _d77233 |
||